TEACHERS MANUAL (IX-X) (Record no. 8449)
[ view plain ]
| 000 -LEADER | |
|---|---|
| fixed length control field | 00152nam a22000857a 4500 |
| 082 ## - DEWEY DECIMAL CLASSIFICATION NUMBER | |
| Classification number | 001 |
| 100 ## - MAIN ENTRY--AUTHOR NAME | |
| Personal name | CBSE |
| 245 ## - TITLE STATEMENT | |
| Title | TEACHERS MANUAL (IX-X) |
| 942 ## - ADDED ENTRY ELEMENTS (KOHA) | |
| Koha item type | Books |
| Withdrawn status | Lost status | Collection code | Home library | Current library | Date acquired | Full call number | Accession Number | Koha item type |
|---|---|---|---|---|---|---|---|---|
| Withdrawn | Damaged Item | Fiction | Main Library | Main Library | 22/09/2015 | 001 | 22/09/2015 | Books |